Economics of environmental management. (Record no. 5360)
[ view plain ]
| 000 -LEADER | |
|---|---|
| fixed length control field | 00743cam a22002292 4500 |
| 001 - CONTROL NUMBER | |
| control field | 0000001646 |
| 005 - DATE AND TIME OF LATEST TRANSACTION | |
| control field | 20151217151823.0 |
| 008 - FIXED-LENGTH DATA ELEMENTS--GENERAL INFORMATION | |
| fixed length control field | 070320s xx 000 0 eng d |
| 020 ## - INTERNATIONAL STANDARD BOOK NUMBER | |
| International Standard Book Number | 0273642383 : |
| Terms of availability | GBP 38.99 |
| 040 ## - CATALOGING SOURCE | |
| Original cataloging agency | KABU |
| Transcribing agency | KABU |
| 050 #0 - LIBRARY OF CONGRESS CALL NUMBER | |
| Classification number | HD30.255 |
| Item number | .K65 |
| 100 1# - MAIN ENTRY--PERSONAL NAME | |
| Personal name | Kolk, Ans. |
| -- | 0000150571 |
| 245 10 - TITLE STATEMENT | |
| Title | Economics of environmental management. |
| 260 ## - PUBLICATION, DISTRIBUTION, ETC. (IMPRINT) | |
| Place of publication, distribution, etc. | Harlow, England : |
| Name of publisher, distributor, etc. | Prentice hall, |
| Date of publication, distribution, etc. | 2000. |
| 300 ## - PHYSICAL DESCRIPTION | |
| Extent | x, 205 p. |
| 650 #0 - SUBJECT ADDED ENTRY--TOPICAL TERM | |
| Topical term or geographic name as entry element | Industrial management |
| General subdivision | Environmental aspects. |
| -- | 0000150568 |
| 852 1# - LOCATION | |
| -- | p5460 KES |
| 852 1# - LOCATION | |
| -- | p5460 KES |
| 908 ## - PUT COMMAND PARAMETER (RLIN) | |
| Put command parameter | 070320 |
| 950 ## - LOCAL HOLDINGS (RLIN) | |
| -- | 1 |
| Withdrawn status | Lost status | Source of classification or shelving scheme | Not for loan | Home library | Current library | Date acquired | Total Checkouts | Full call number | Barcode | Date last seen | Price effective from | Koha item type |
|---|---|---|---|---|---|---|---|---|---|---|---|---|
| Library of Congress Classification | Kabarak, Main Campus | Kabarak, Main Campus | 17/12/2015 | HD30.255 .K65 c. 1 | 002526 | 02/08/2024 | 17/12/2015 | General Collection | ||||
| Library of Congress Classification | Kabarak, Main Campus | Kabarak, Main Campus | 17/12/2015 | HD30.255 .K65 c. 2 | 17829 | 02/08/2024 | 17/12/2015 | General Collection | ||||
| Library of Congress Classification | Kabarak, Main Campus | Kabarak, Main Campus | 17/12/2015 | HD30.255 .K65 c. 3 | 016062 | 02/08/2024 | 17/12/2015 | General Collection |